| 000 | 02520cam a22003014a 4500 | ||
|---|---|---|---|
| 001 | 13787471 | ||
| 003 | ARRUPE | ||
| 005 | 20141112110720.0 | ||
| 008 | 041119s2005 nyu b 100 0 eng | ||
| 010 | _a 2004027718 | ||
| 020 | _a1570755973 (pbk.) | ||
| 040 |
_aDLC _cDLC _dDLC |
||
| 042 | _apcc | ||
| 050 | 0 | 0 |
_aBX1751.3 _b.C65 2005 |
| 082 | 0 | 0 |
_a230/.2 _222 |
| 110 | 2 |
_aCollege Theology Society. _bMeeting _n(50th : _d2004 : _cThe Catholic University of America) _912538 |
|
| 245 | 1 | 0 |
_aNew horizons in theology / _cTerrence W. Tilley, editor. |
| 260 |
_aMaryknoll, N.Y. : _bOrbis Books, _cc2005. |
||
| 300 |
_axvi, 271 p. ; _c21 cm. |
||
| 504 | _aIncludes bibliographical references. | ||
| 505 | 0 | _aHorizons of theology : new voices in a living tradition / Elizabeth A. Johnson -- The future of theology in the church / Joseph A. Komonchak -- New horizons in moral theology / Norbert Rigali -- New horizons for mysticism and politics : how the agenda has shifted / J. Matthew Ashley -- Teshuva and torah : Jewish-Christian partnership as a new horizon for biblical interpretation / Elizabeth T. Groppe -- Science and the soul : keeping the essentials / Michael Horace Barnes -- Catholic, Baptists and the new horizon of tradition in Baptist theology / Steven R. Harmon -- Globalization at large : approaching the ecclesial question of tradition in the twenty-first century / Colleen M. Mallon -- The global horizon of religious pluralism and local dialogue with the religious-other / Anne M. Clifford -- Toward an ecology of salvation / Sally Kenel -- Cohabitation and entry into marriage : two diverse trajectories and the future of Catholic theology / Randall Jay Woodard -- Changing contours of theological education : a retrospective / Sandra Yocum Mize -- Reading the signs of the times : a U.S. Hispanic perspective on the future of theological education / Miguel H. Diaz -- New horizons in theological education / Mary Ann Hinsdale-- Teaching theology for the future / James A. Donahue -- A new direction in teaching global solidarity : partnering with Catholic relief services / Suzanne C. Toton and Ismael Muvingi. | |
| 610 | 2 | 0 |
_aCatholic Church _xDoctrines _vCongresses. _912539 |
| 700 | 1 |
_aTilley, Terrence W. _912540 |
|
| 856 | 4 | 1 |
_3Table of contents _uhttp://www.loc.gov/catdir/toc/ecip054/2004027718.html |
| 906 |
_a7 _bcbc _corignew _d1 _eecip _f20 _gy-gencatlg |
||
| 942 |
_2lcc _cMONOGRAPH |
||
| 999 |
_c121217 _d121217 |
||